LIBRARY & INFORMATION CENTRE, KCAET, TAVANUR

ONLINE PUBLIC ACCESS CATALOGUE (OPAC)

Fundamentals of Computers / (Record no. 17671)

MARC details
000 -LEADER
fixed length control field 00457cam a2200181ua 4500
003 - CONTROL NUMBER IDENTIFIER
control field OSt
008 - FIXED-LENGTH DATA ELEMENTS--GENERAL INFORMATION
fixed length control field 230508b |||||||| |||| 00| 0 eng d
020 ## - INTERNATIONAL STANDARD BOOK NUMBER
ISBN 9788120310032
041 ## - LANGUAGE CODE
Language code of text/sound track or separate title eng
082 ## - DEWEY DECIMAL CLASSIFICATION NUMBER
Classification number 004.1
Item number RAJ/FU
100 ## - MAIN ENTRY--AUTHOR NAME
Personal name Rajaraman, V .
100 ## - MAIN ENTRY--AUTHOR NAME
Personal name Neeharika adabala
245 ## - TITLE STATEMENT
Title Fundamentals of Computers /
250 ## - EDITION STATEMENT
Edition statement 6 th
260 ## - PUBLICATION, DISTRIBUTION, ETC. (IMPRINT)
Place of publication New Delhi :
Name of publisher Prentice Hall of India Pvt Ltd. ,
Year of publication 2022
300 ## - PHYSICAL DESCRIPTION
Number of Pages 428
942 ## - ADDED ENTRY ELEMENTS (KOHA)
Koha item type Books
Holdings
Withdrawn status Lost status Damaged status Collection code Home library Current library Shelving location Date acquired Source of acquisition Cost, normal purchase price Full call number Accession Number Koha item type
      General Books KAUAET KAUAET Scheme 24/03/2023 Aman book stall, calicut 495.00 004.1 RAJ/FU BB 656 Books
      General Books KAUAET KAUAET General Stacks 24/03/2023 Aman book stall, calicut 495.00 004.1 RAJ/FU 26135 Books
      General Books KAUAET KAUAET General Stacks 24/03/2023 Aman book stall, calicut 495.00 004.1 RAJ/FU 26136 Books
      General Books KAUAET KAUAET General Stacks 24/03/2023 Aman book stall, calicut 495.00 004.1 RAJ/FU 26137 Books
free website counter